Marine reserves : a guide to science, design, and use

Αποθηκεύτηκε σε:
Λεπτομέρειες βιβλιογραφικής εγγραφής
Κύριος συγγραφέας: Sobel, Jack A.
Άλλοι συγγραφείς: Dalgren, Craig P.
Μορφή: Βιβλίο
Γλώσσα:English
Δημοσίευση: Washington, D.C. : Island Press, 2004
Θέματα:
Ετικέτες: Προσθήκη ετικέτας
Δεν υπάρχουν, Καταχωρήστε ετικέτα πρώτοι!

MARC

LEADER 00000nam a2200000 i 4500
001 1/99577
008 081216s2004 eng d
020 |a 1-55963-841-9 
035 |l 10102519 
040 |a GR-MY-UA  |b gre  |e aacr 
041 0 |a eng 
082 0 |a 333.95616  |2 (22) 
100 1 |a Sobel, Jack A. 
245 1 0 |a Marine reserves :  |b a guide to science, design, and use /  |c Jack A. Sobel, Craig P. Dalgren 
260 |a Washington, D.C. :   |b Island Press,   |c 2004 
300 |a xviii, 383 σ.;  |b εικ., χάρτες;  |c 27 εκ. 
504 |a Περιέχει βιβλιογραφικές παραπομπές και ευρετήριο 
650 0 0 |a Marine parks and reserves. 
700 1 |a Dalgren, Craig P. 
852 |a INST  |b LESVOS  |e 20081216  |h 333.95616 SOB  |p 005100043694  |q 005100043694  |t BK  |y 0 
901 |a BIBL1-2008-3 
909 |a Λ  |b 157544 
920 |a ΕΠΕΑΕΚ ΠΜΣ ΔΙΑΧΕΙΡΙΣΗ ΠΑΡΑΚΤΙΩΝ ΠΕΡΙΟΧΩΝ  |y ΛΕΣΒΟΣ  |z 2008-12 
970 |a ΚΑΡΑ  |b ΓΙΑΣΕΜΗ  |z 2008/12/16